00407 2200157 4500245004500000250001100045100002000056700001900076700001400095650002100109005001900130260006700149041001400216084001000230336000900240 aEwako, Azizul...!cHendra HermawanhText aCet. 1 aHendra Hermawan aAnjar Ginanjar aAmriani H aCerita Bergambar a20241002125845 aSulawesi SelatanbBalai Bahasa Provinsi Sulawesi Selatanc2022 aIndonesia a741.5 atext